000 00281nam a22001337a 4500
041 _aENG
100 _aDr.E.K.Mathew
245 _aDrainage Digest
260 _aNew Delhi
_bICAR
_c2004
300 _a200
650 _aIDE
700 _aM.Nair, T.D Raju .U.Jaikumaran
856 _uIDE
999 _c3224
_d3224